Guess The Country-No Vowels - Statistics

General Stats
  • This quiz has been taken 132 times
  • The average score is 14 of 15
Answer Stats
Hint Answer % Correct
FRNC France
99%
LBNN Lebanon
99%
VTNM Vietnam
98%
LXMBRG Luxembourg
97%
MDGSCR Madagascar
97%
YMN Yemen
97%
ZMB Zambia
96%
BRZL Brazil
95%
BLV Bolivia
94%
MLT Malta
93%
KSV Kosovo
92%
BNN Benin
85%
GYN Guyana
82%
VNT Vanuatu
78%
LBN Albania
58%
No matching quizzes found
Score Distribution
Percent of People with Each Score
Percentile by Number Answered
Your Score History
You have not taken this quiz